| 000 | 00984nam a22002417a 4500 | ||
|---|---|---|---|
| 005 | 20170801114252.0 | ||
| 010 | _a1617EN ENG-117204 | ||
| 020 |
_a9780143423140 _c250.00 |
||
| 035 | _aB-649365-382 | ||
| 035 | _aEN-100736 | ||
| 035 | _aB-667271 | ||
| 037 |
_aDPL _bAAKAR |
||
| 037 | _bDBAD/PUB | ||
| 082 | _a618.24 | ||
| 100 | _aSibal, Anupam | ||
| 245 |
_aIs your child ready to face the world ? / _cby Anupam Sibal |
||
| 260 |
_aGurgaon _bPenguin Books _c2015 |
||
| 270 |
_a7th floor, infinity Toer C, DLF Cyber City _bGurgaon (Haryana) _e122002 |
||
| 300 |
_axx,162p. _c18cm(pbk) |
||
| 942 |
_2ddc _cEN _h618.24 _mSIB |
||
| 999 |
_c102207 _d102207 |
||